01205nam a2200301 i 450000500170000000800410001702000180005804000350007604100080011108200190011910000340013824500860017225000220025826400300028030000250031033600270033533700330036233800280039550400410042365000360046465000350050065000340053565000370056994200120060699900150061895201360063395201340076920220317000008.0141031s2014 mx gs 000 0 spa d a9789586827201 aCO-BoRNBPbspacCO-BoRNBPerda0 aspa04a371.9144bB17l1 aBravo Valdivieso, Luiseautor10aLenguaje y dislexiasbenfoque cognitivo del retardo lectorcLuis Bravo Valdivieso aTercera edición 1aMéxicobAlfaomegac2014 a214 páginasc20 cm atextobtxt2rdacontent asin mediaciónbn2rdamedia avolumenbnc2rdacarrier aIncluye referencias bibliográficas142LEMBaAprendizaje de la lectura142LEMBaDificultad en la lectura142LEMBaLenguaje de los niños142LEMBaTrastornos del aprendizaje 2ddccBK c2846d2846 00102ddc40708GENaMECASARIbMECASARIcGENd2024-11-10l0o371.9144 - B71LpBM0001309r2024-11-10 14:58:59tEj.1w2024-11-10yBK 00102ddc40708GENaMEMAPJGAbMEMAPJGAcGENd2025-07-31l0o371.9144 B17lpMPJG00475r2025-07-31 17:04:50tEj.1w2025-07-31yBK